000 00521nam a2200181Ia 4500
005 20250508160836.0
008 008 250505s9999 xx 000 0 eng d
037 _aTextual
040 _aFEDL
_beng
_cFEDL
041 _aeng
_2eng
084 _a372.21, FRO
_qFEDL
100 _aFrost Joe L
245 0 _aRevisiting early childhood education : Readings
260 _aNew York, USA
_bHolt, Rinehart and Winston
_c1973
300 _axi,540p.
942 _cTEXL
_h372.21, FRO
999 _c1366927
_d1366927